Normal view MARC view

Entry Personal Name

Number of records used in: 1

001 - CONTROL NUMBER

  • control field: 784771

003 - CONTROL NUMBER IDENTIFIER

  • control field: OSt

005 - DATE AND TIME OF LATEST TRANSACTION

  • control field: 20250516114205.0

008 - FIXED-LENGTH DATA ELEMENTS

  • fixed length control field: 250516|| aca||aabn | a|a d

040 ## - CATALOGING SOURCE

  • Original cataloging agency: OSt
  • Transcribing agency: OSt

100 ## - HEADING--PERSONAL NAME

  • Personal name: कुलश्रेष्ठ, अगम

670 ## - SOURCE DATA FOUND

  • Source citation: Work cat.: (OSt)1401009: विविध धर्मों में शब्दचेतना , 2023.
Copyright @ Delhi University Library System